000 00790nam a22002297a 4500
005 20100806164844.0
010 _aENG-98767
020 _a8186203672
_c40.00
035 _aEN-82299
037 _bDBAD/PUB
082 _a338.479154045
100 _aRajeswari,R.
_99027
245 _aTourism and economic development in India /
_cby R.Rajeshwari
260 _aChennai
_bSri Mangadu Kamat Chiamman
_c2008
270 _aSrimangadukamatchiamman Business corporation
_bchennai
300 _a66p.
_c16cm (pbk)
650 _aEconomic policy
_91373
650 _aIndia
650 _aTourism
_99028
942 _2ddc
_cEN
_h338.479154045
_mRAJ
999 _c39940
_d39940